Hijo de Hombre
保存先:
| 第一著者: | |
|---|---|
| フォーマット: | 図書 |
| 言語: | Undetermined |
| 出版事項: |
Buenos Aires, Argentina
Losada, S.A.
1973
|
| 版: | 5 |
| 主題: | |
| タグ: |
タグ追加
タグなし, このレコードへの初めてのタグを付けませんか!
|
MARC
| LEADER | 00000nam a2200000Ia 4500 | ||
|---|---|---|---|
| 008 | 170316s9999 xx 000 0 und d | ||
| 040 | |a cru BVZT | ||
| 090 | |a 860 R-15h | ||
| 100 | |a Augusto Roa Bastos | ||
| 245 | |a Hijo de Hombre | ||
| 250 | |a 5 | ||
| 260 | |a Buenos Aires, Argentina | ||
| 260 | |b Losada, S.A. | ||
| 260 | |c 1973 | ||
| 300 | |a 281 páginas | ||
| 650 | |a LITERATURA LATINOAMERICANA | ||
| 999 | |c 9135 |d 9135 | ||
| 942 | |c 15 D |h 860 R-15h |2 z | ||
